000 01127nam a22002177a 4500
003 OSt
005 20160620105646.0
008 150407b slv spa
040 _cBMC
082 _a371.36
100 1 _936007
_aMartínez de Bolaños, Lorena Yanira
245 1 0 _aElaboración de una libreta de trabajo para el aprestamiento de la escritura en niños de seis a siete años de edad
_b: Informe final de proyecto
_cLorena Yanira Martínez de Bolaños; asesor, Mauricio Edgardo Menéndez Lemus
260 _aSanta Ana (El Salvador)
_bUniversidad Católica de Occidente
_c2005
300 _a1 v. (pág. var.)
_bil.
_c28 cm
_e+ 1 disco compacto
500 _aPrecede al tít.: Universidad Católica de Occidente, Facultad de Ciencias y Humanidades
502 _aTrabajo de graduación para optar al grado académico de Licenciatura en Ciencias de la Educación con especialidad en Educación Básica
650 2 4 _917239
_aMétodo de proyectos
700 1 _919627
_aMenéndez Lemus, Mauricio Edgardo
710 1 _91075
_aUniversidad Católica de El Salvador
_bFacultad de Ciencias y Humanidades
942 _2ddc
_cTG
999 _c22267
_d22267